| 000 | 00454nam a2200145 a 4500 | ||
|---|---|---|---|
| 008 | 120416s0000 ||||||||||||||||| || u | ||
| 020 | _a0432059121 | ||
| 050 | _aPR 6057.I574S7 | ||
| 100 | _aGillespie, Jane | ||
| 245 | 1 | 0 | _aSpoonsilver |
| 260 |
_aLondon _bPeter Davies _c1971 |
||
| 300 | _a191p. | ||
| 350 | _a0.00 | ||
| 995 |
_D0.00 _FCBU-MAIN LIBRARY (Kitwe) _H1 _I4.95 _M1 _UAVAILABLE _ZFiction Collection |
||
| 999 |
_c58105 _d58105 |
||